| 000 | 00624nam a22001932 4500 | ||
|---|---|---|---|
| 001 | 0000011681 | ||
| 005 | 20151217155845.0 | ||
| 008 | 081222s xx 000 0 eng d | ||
| 040 |
_aKABU _cKABU |
||
| 100 | 1 |
_aYoung, Francis Brett. _@0000167646 |
|
| 245 | 1 | 0 |
_aMarching on Tanga : _b(with General Smuts in East Africa) / _cFrancis Brett Young. |
| 250 | _a1st ed. | ||
| 260 |
_aLondon : _bW. Collins, _c1917. |
||
| 300 | _axi, 264 p. | ||
| 650 | 0 |
_aWorld War, 1914-1918 _xCampaigns _zGerman East Africa. _@0000161449 |
|
| 852 | 1 | _9p500 KES | |
| 908 | _a081222 | ||
| 950 | _@1 | ||
| 999 |
_c13326 _d13326 |
||